| 000 | 00482nam a2200169Ia 4500 | ||
|---|---|---|---|
| 003 | GCL | ||
| 008 | 140319s9999 xx 000 0 ara d | ||
| 040 |
_aGCL / _cGCL |
||
| 082 | 0 | 4 |
_a189 _bس ت |
| 100 | 1 | _aسليمان دنيا | |
| 245 | 1 | 0 |
_aالتفكير الفلسفى الاسلامى / _cسليمان دنيا |
| 260 |
_a[S.N] : _bمكتبة الخانجى ، _c1967 |
||
| 300 | _a407 ص | ||
| 490 | _a | ||
| 650 | 0 | 4 | _aالفلسفة الاسلامية |
| 942 |
_2ddc _cBK |
||
| 999 |
_c36909 _d36909 |
||